[Event "AUTO-OPEN-4311"]
[Site "http://www.queenalice.com/game.php?id=1770589"]
[Date "2021.9.23"]
[Round "1"]
[White "Dadcol"]
[Black "Football_rules"]
[Result "1-0"]
[WhiteElo "1994"]
[BlackElo "1726"]

1. d4 d5 2. Bf4 e6 3. Nf3 f6 4. e3 Nc6 5. c3 a6 6. Nbd2 h6 7. Bd3 g5 8. Bg3 h5
9. Bg6+ Ke7 10. h3 h4 11. Bh2 Rh6 12. Bd3 Bg7 13. O-O Qe8 14. Bxc7 Kf7 15. Qc2
Nge7 16. Bh2 Bd7 17. b4 b5 18. Nb3 Rc8 19. Nc5 g4 20. hxg4 h3 21. g5 Qg8 22. g3
Rh5 23. Nxd7 fxg5 24. g4 Qh7 25. Bxh7 Rh6 26. Nxg5+ Ke8 27. Nc5 e5 28. Nge6 Bf6
29. g5 Bxg5 30. Nxg5 e4 31. Bxe4 dxe4 32. Ngxe4 Rc7 33. Bxc7 Nf5 34. Qe2 Nh4 35.
Qg4 Rg6 36. Ng5 Nf3+ 37. Qxf3 Rxg5+ 38. Bg3 Ne7 39. Qf4 Rg8 40. Qh4 Nf5 41. Qh5+
Ke7 42. Qxf5 Rh8 43. Qe5+ Kf7 44. Qxh8 1-0

[Event "Challenge"]
[Site "http://www.queenalice.com/game.php?id=1772679"]
[Date "2021.10.20"]
[Round "-"]
[White "Football_rules"]
[Black "crisvolei"]
[Result "1-0"]
[WhiteElo "1716"]
[BlackElo "1599"]

1. e4 e5 2. Nf3 Qf6 3. h3 Nc6 4. a3 Nd4 5. Nxd4 exd4 6. d3 b5 7. Nd2 b4 8. axb4
Bxb4 9. Be2 d5 10. O-O Bxh3 11. Nf3 Qg6 12. Ng5 Be6 13. Nxe6 fxe6 14. Bh5 O-O-O
15. Bxg6 hxg6 16. Qg4 Re8 17. Qxg6 Nf6 18. Bg5 Nh5 19. Rxa7 Kd7 20. Qf7+ Be7 21.
exd5 exd5 22. Rfa1 Nf6 23. Bxf6 gxf6 24. R1a6 Rhf8 25. Qxd5+ Bd6 26. Qxd6+ Kc8
27. Qxc7# 1-0

[Event "Challenge"]
[Site "http://www.queenalice.com/game.php?id=1772680"]
[Date "2021.10.20"]
[Round "-"]
[White "crisvolei"]
[Black "Football_rules"]
[Result "0-1"]
[WhiteElo "1567"]
[BlackElo "1727"]

1. e4 e5 2. Qf3 d6 3. Bc4 Nf6 4. d4 exd4 5. Bg5 Be7 6. Bxf7+ Kxf7 7. Nd2 Re8 8.
Bxf6 Bxf6 9. Qh5+ Kg8 10. O-O-O Be6 11. Ngf3 Nd7 12. g4 c5 13. g5 Bf7 14. Qg4
Qa5 15. a3 Ne5 16. Nxe5 Bxe5 17. Nb3 Qb6 18. f4 c4 19. fxe5 cxb3 20. g6 Bxg6 21.
exd6 Rac8 22. c3 Qxd6 23. Rxd4 Qxd4 24. Rd1 Qe3+ 25. Kb1 Bxe4+ 26. Ka1 Bc2 27.
Rg1 Qe1+ 28. Rxe1 Rxe1+ 29. Qd1 Rxd1# 0-1

[Event "AUTO-INT-3672"]
[Site "http://www.queenalice.com/game.php?id=1773394"]
[Date "2021.10.28"]
[Round "2"]
[White "Ricardoabreu"]
[Black "Football_rules"]
[Result "1-0"]
[WhiteElo "1774"]
[BlackElo "1542"]

1. b3 e5 2. Bb2 d6 3. g3 Nf6 4. Bg2 c6 5. h3 h6 6. Nf3 Be6 7. e3 Be7 8. d3 Nbd7
9. Qd2 e4 10. Nd4 d5 11. Nxe6 fxe6 12. Nc3 Bb4 13. a3 Ba5 14. b4 Bb6 15. dxe4 e5
16. Na4 Bc7 17. exd5 cxd5 18. Bxd5 Qe7 19. Bxb7 Rd8 20. Qc3 O-O 21. Qxc7 Rc8 22.
Bxc8 Nd5 23. Qxd7 Qf6 24. Qxd5+ Kh8 25. O-O Rxc8 26. Nc5 Qf5 27. Kg2 Rf8 28.
Bxe5 Qxc2 29. Qd7 Rg8 30. Ne6 1-0

[Event "AUTO-ADV-4567"]
[Site "http://www.queenalice.com/game.php?id=1776560"]
[Date "2021.12.9"]
[Round "1"]
[White "Football_rules"]
[Black "PaulMSains"]
[Result "0-1"]
[WhiteElo "1683"]
[BlackElo "1975"]

1. e4 e5 2. Nf3 Nc6 3. a3 Nf6 4. d3 Bc5 5. b4 Bb6 6. c3 O-O 7. c4 a6 8. c5 Ba7
9. Be3 d6 10. h3 Be6 11. Nc3 h6 12. Qd2 Kh7 0-1

[Event "AUTO-ADV-4567"]
[Site "http://www.queenalice.com/game.php?id=1776561"]
[Date "2021.12.9"]
[Round "1"]
[White "PaulMSains"]
[Black "Football_rules"]
[Result "1-0"]
[WhiteElo "1979"]
[BlackElo "1679"]

1. e4 e5 2. Nf3 d6 3. h3 a6 4. Bc4 Nf6 5. Ng5 d5 6. exd5 Nxd5 7. d4 exd4 8. Qf3
Qe7+ 9. Kf1 c6 10. Bxd5 cxd5 11. Qxd5 h6 12. Ne4 1-0

[Event "AUTO-OPEN-4328"]
[Site "http://www.queenalice.com/game.php?id=1776632"]
[Date "2021.12.9"]
[Round "1"]
[White "SGF"]
[Black "Football_rules"]
[Result "1-0"]
[WhiteElo "1697"]
[BlackElo "1641"]

1. e4 e5 2. Qf3 a6 3. d3 Bb4+ 4. c3 Ba5 5. b4 Bb6 6. h4 Nf6 7. Be2 d6 8. Qg3 g6
9. Bg5 h6 10. Bxf6 Qxf6 11. Nf3 1-0

[Event "AUTO-OPEN-4328"]
[Site "http://www.queenalice.com/game.php?id=1776633"]
[Date "2021.12.9"]
[Round "1"]
[White "Football_rules"]
[Black "profeta"]
[Result "0-1"]
[WhiteElo "1675"]
[BlackElo "1592"]

1. e4 e5 2. Nf3 Nc6 3. a3 Nf6 4. d3 h6 5. h3 Nd4 6. Nc3 Nxf3+ 7. Qxf3 d5 8. Be3
d4 9. Bd2 dxc3 10. Bxc3 a6 11. Bxe5 Bd6 12. Bc3 O-O 0-1

[Event "AUTO-OPEN-4328"]
[Site "http://www.queenalice.com/game.php?id=1776634"]
[Date "2021.12.9"]
[Round "1"]
[White "profeta"]
[Black "Football_rules"]
[Result "1-0"]
[WhiteElo "1687"]
[BlackElo "1656"]

1. e4 e5 2. Nf3 d6 3. Nc3 c6 4. d4 exd4 5. Qxd4 Nf6 6. e5 c5 7. Qd1 Bg4 8. h3
Bxf3 9. Qxf3 Qe7 10. Bb5+ Kd8 11. O-O Qxe5 12. Qxb7 Be7 13. Qxa8 d5 14. g3 1-0